| 000 | 00575nam a2200217Ia 4500 | ||
|---|---|---|---|
| 008 | 160621s9999 xx 000 0 und d | ||
| 020 | _a978-981-4314-76-3 | ||
| 050 | _aComSc HD 30.213 | ||
| 050 | _b.O9 2011 | ||
| 100 | _aOz, Effy. | ||
| 245 | _aPrinciples of management information systems / | ||
| 245 | _cEffy Oz. | ||
| 260 | _aSingapore : | ||
| 260 | _bCengage Learning Asia Pte Ltd., | ||
| 260 | _c2011 | ||
| 300 | _a578 pages : | ||
| 300 | _billustrations ; | ||
| 300 | _c23 cm. | ||
| 500 | _aIncludes index. | ||
| 650 | _aManagement information systems. | ||
| 999 |
_c296146 _d296146 |
||